000 01125cad a22002175a 4500
001 L154607
008 120105e20110706xxk 000 0 eng d
035 _a(Sirsi) u154607
041 0 _aeng
110 2 _aHomes and Communities Agency
_95688
245 0 0 _aGet Britain building
_bprogramme prospectus
_h[electronic resource]
260 _a[S.l.]
_bHCA
_c2011
520 _aThis prospectus provides further information about the purpose of the Get Britain Building Fund. The fund was one of the key immediate measures to increase housing supply announced in "Laying the Foundations: a Housing Strategy for England" which was published in November 2011.
590 _aKA NTK
651 4 _aEngland
_y886-
690 _aPROPERTY-RESIDENTIAL PROPERTY
690 _aBUILT ENVIRONMENT-CONSTRUCTION MARKET
690 _aPROPERTY-RESIDENTIAL PROPERTY-RESIDENTIAL PROPERTY DEVELOPMENT
856 4 0 _uhttps://www.constructionproducts.org.uk/newsdesk/dbfiles/CLG%20HCA%20Get%20Britain%20Building%20Programme%20Prospectus%20December%202011.pdf
_zView the prospectus free of charge at www.constructionproducts.org.uk
942 _n0
999 _c113062
_d113062